Modern maritime law / (Record no. 12716)

000 -LEADER
fixed length control field 01453cam a2200361Ii 4500
001 - CONTROL NUMBER
control field 9781315863146
008 - FIXED-LENGTH DATA ELEMENTS--GENERAL INFORMATION
fixed length control field 180706s2013 enk ob 001 0 eng d
020 ## - INTERNATIONAL STANDARD BOOK NUMBER
International Standard Book Number 9781315863146
Qualifying information (e-book : PDF)
020 ## - INTERNATIONAL STANDARD BOOK NUMBER
International Standard Book Number 9781317950806
Qualifying information (e-book: Mobi)
020 ## - INTERNATIONAL STANDARD BOOK NUMBER
International Standard Book Number 9781317950813
Qualifying information (e-book: ePub)
020 ## - INTERNATIONAL STANDARD BOOK NUMBER
Canceled/invalid ISBN 9780415839068
Qualifying information (hardback)
024 ## - OTHER STANDARD IDENTIFIER
Standard number or code 10.4324/9781315863146
Source of number or code doi
035 ## - SYSTEM CONTROL NUMBER
System control number (OCoLC)897465958
043 ## - GEOGRAPHIC AREA CODE
Geographic area code e-uk---
050 ## - LIBRARY OF CONGRESS CALL NUMBER
Classification number KD1833
Item number .M36 2013
082 ## - DEWEY DECIMAL CLASSIFICATION NUMBER
Classification number 343.41096
Item number M271
100 ## - MAIN ENTRY--PERSONAL NAME
Personal name Mandaraka-Sheppard, Alexandra,
Dates associated with a name 1949-,
Relator term author.
240 ## - UNIFORM TITLE
Uniform title Modern maritime law and risk management
245 ## - TITLE STATEMENT
Title Modern maritime law /
Statement of responsibility, etc. Aleka Mandaraka-Sheppard.
250 ## - EDITION STATEMENT
Edition statement Third edition.
260 ## - PUBLICATION, DISTRIBUTION, ETC.
Place of publication, distribution, etc. Abingdon, Oxon [England] :
Name of publisher, distributor, etc. Routledge,
Date of publication, distribution, etc. 2013.
300 ## - PHYSICAL DESCRIPTION
Extent 1 online resource
490 ## - SERIES STATEMENT
Series statement Maritime and transport law library
500 ## - GENERAL NOTE
General note "Alan van Pragg - contributor to Rule B attachment under US Law."
500 ## - GENERAL NOTE
General note Revision of the author's Modern maritime law and risk management.
504 ## - BIBLIOGRAPHY, ETC. NOTE
Bibliography, etc. note Includes bibliographical references and indexes.
505 ## - FORMATTED CONTENTS NOTE
Formatted contents note v. 1. Risks and jurisdiction -- v. 2. Managing risks and liabilities.
650 ## - SUBJECT ADDED ENTRY--TOPICAL TERM
Topical term or geographic name entry element Admiralty
Geographic subdivision Great Britain.
650 ## - SUBJECT ADDED ENTRY--TOPICAL TERM
Topical term or geographic name entry element Risk management
Geographic subdivision Great Britain.
776 ## - ADDITIONAL PHYSICAL FORM ENTRY
Relationship information Print version:
International Standard Book Number 9780415839068
Record control number (DLC) 2013011843
830 ## - SERIES ADDED ENTRY--UNIFORM TITLE
Uniform title Maritime and transport law library.
856 ## - ELECTRONIC LOCATION AND ACCESS
Uniform Resource Identifier <a href="https://www.taylorfrancis.com/books/9781315863146">https://www.taylorfrancis.com/books/9781315863146</a>
Public note Click here to view.
Holdings
Withdrawn status Lost status Damaged status Not for loan Permanent Location Current Location Date acquired Date last seen Price effective from Koha item type
        IMU-MPC Library IMU-MPC Library 2025-01-03 2025-01-03 2025-01-03 E-Book
Copyright © 2021 Indian Maritime University, Mumbai Port Campus. All Rights Reserved. Managed & Maintained by Central Library, IMU-Mumbai

webs counters

Powered by Koha